| 000 | 00604cam a22002055a 4500 | ||
|---|---|---|---|
| 001 | 48330 | ||
| 005 | 20231117005834.0 | ||
| 008 | 930622s1993 nyu 000 0 eng | ||
| 020 | _a0415905818 | ||
| 040 |
_aDLC _cDLC _dDLC |
||
| 082 |
_222 _a305.401 _bIRI |
||
| 100 | 1 | _aIrigaray, Luce. | |
| 245 | 1 | 0 |
_aJe, tu, nous : _btoward a culture of difference / _cLuce Irigaray ; translated by Alison Martin. |
| 260 |
_aNew York : _bRoutledge, _c1993. |
||
| 300 | _a136 p. ; | ||
| 650 | 0 | _aFeminist theory. | |
| 650 | 0 | _aWomen | |
| 856 | 4 | 2 | _uhttp://www.loc.gov/catdir/enhancements/fy0909/93169360-d.html |
| 942 | _cL | ||
| 999 |
_c24 _d24 |
||